000 00695cam a2200217 a 4500
020 _a0803945744
020 _a0803945752 (pbk.)
040 _cDLC
082 0 0 _a808 SAG 1992 A093 Or.
100 1 _aHilgers, Thomas,
245 1 0 _aMaking your writing program work :
_ba guide to good practices /
260 _aNewbury Park, Calif. :
_bSage Publications,
_cc1992.
300 _aix, 318 p. ;
_c23 cm.
650 0 _aEnglish language
650 0 _aReport writing
650 0 _aWriting centers
700 1 _aMarsella, Joy A.
856 4 2 _uhttp://www.loc.gov/catdir/enhancements/fy0655/92028929-d.html
856 4 1 _uhttp://www.loc.gov/catdir/enhancements/fy0655/92028929-t.html
942 _cEK
999 _c13146
_d13146